[Event "Politiken Cup"]
[Site "Copenhagen"]
[Date "2006.07.25"]
[Round "4.94"]
[White "Karstensen, Christian"]
[Black "Knudsen, Jes West"]
[Result "1/2-1/2"]
[WhiteElo "1741"]
[BlackElo "1999"]
[PlyCount "50"]
[EventDate "2006.??.??"]

1. e4 c5 2. Nf3 a6 3. d4 cxd4 4. Nxd4 Nf6 5. Nc3 e5 6. Nb3 Bb4 7. Bd3 d5 8.
exd5 e4 9. Be2 Bxc3+ 10. bxc3 Qxd5 11. O-O Qxd1 12. Rxd1 Bg4 13. Bxg4 Nxg4 14.
Ba3 Ne5 15. Rd4 f5 16. Rad1 Nbc6 17. Rd5 Kf7 18. Nd4 Rhe8 19. Nxf5 Nc4 20. Nd6+
Nxd6 21. Rxd6 Rad8 22. Kf1 Rxd6 23. Rxd6 Rd8 24. Ke2 Rxd6 25. Bxd6 Ke6 1/2-1/2

[Event "Politiken Cup"]
[Site "Copenhagen"]
[Date "2006.07.25"]
[Round "4.95"]
[White "Larsen, Lars Møller"]
[Black "Marcussen, Claus"]
[Result "1/2-1/2"]
[WhiteElo "1737"]
[BlackElo "1985"]
[PlyCount "112"]
[EventDate "2006.??.??"]

1. e4 e5 2. Nf3 Nc6 3. d4 exd4 4. Nxd4 Bc5 5. Nb3 Bb6 6. Nc3 Qf6 7. Qe2 Nge7 8.
h4 h6 9. g4 d6 10. f4 Nd4 11. Nxd4 Qxd4 12. a4 a6 13. a5 Ba7 14. Rh3 Qg1 15. f5
Nc6 16. Be3 Bxe3 17. Qxe3 Qxe3+ 18. Rxe3 Bd7 19. Nd5 O-O-O 20. c3 Ne5 21. Be2
f6 22. O-O-O Rhe8 23. Rg1 Nf7 24. g5 hxg5 25. Bh5 Rf8 26. Bxf7 Rxf7 27. hxg5
Re8 28. Kd2 Re5 29. gxf6 gxf6 30. c4 c6 31. Nb6+ Kd8 32. b4 c5 33. Rg8+ Be8 34.
b5 axb5 35. cxb5 Kc7 36. Nd5+ Kb8 37. b6 Kc8 38. Kd3 Kd7 39. Rh3 Kc6 40. Rh6
Kb5 41. Rxe8 Rxe8 42. Nc7+ Rxc7 43. bxc7 Kc6 44. Rxf6 Kxc7 45. Re6 Rxe6 46.
fxe6 Kd8 47. Kc4 Ke7 48. Kd5 Ke8 49. Kc4 Ke7 50. Kd5 Ke8 51. e5 dxe5 52. Kxe5
Ke7 53. Kd5 c4 54. Kxc4 Kxe6 55. Kc5 Kd7 56. Kb6 Kc8 1/2-1/2

[Event "Politiken Cup"]
[Site "Copenhagen"]
[Date "2006.07.25"]
[Round "4.96"]
[White "Muratet Casadevall, Elias"]
[Black "Bjarnasson, Larus H"]
[Result "1-0"]
[WhiteElo "1978"]
[BlackElo "1670"]
[PlyCount "97"]
[EventDate "2006.??.??"]

1. d4 c6 2. Bf4 d5 3. e3 Bf5 4. Bd3 Bg6 5. Nf3 Nd7 6. O-O Ngf6 7. h3 e6 8. b3
Bb4 9. Bxg6 hxg6 10. a3 Ba5 11. Nbd2 Bc7 12. Ne5 g5 13. Bh2 Nxe5 14. Bxe5 g4
15. Bxf6 Qxf6 16. Qxg4 Rh4 17. Qf3 Qg6 18. c4 O-O-O 19. Rfd1 Rdh8 20. Kf1 R8h5
21. cxd5 Rf5 22. Qe2 exd5 23. Nf3 Rh6 24. b4 Rfh5 25. Qd3 Qe6 26. Ke2 g5 27.
Rac1 g4 28. hxg4 Qxg4 29. Rg1 Rh2 30. b5 Rxg2 31. Rxg2 Qxg2 32. Rg1 Qh3 33.
Rg8+ Kd7 34. bxc6+ Rxc6 35. Qb5 Qf5 36. Ne5+ Bxe5 37. Qxd5+ Rd6 38. Qxb7+ Ke6
39. Re8+ Kf6 40. dxe5+ Kg6 41. Qg2+ Kh7 42. Qg8+ Kh6 43. exd6 Qh5+ 44. Ke1 Qh1+
45. Ke2 Qh5+ 46. f3 Qh2+ 47. Kf1 Qh1+ 48. Kf2 Qh2+ 49. Qg2 1-0

[Event "Politiken Cup"]
[Site "Copenhagen"]
[Date "2006.07.25"]
[Round "4.97"]
[White "Hyldkrog, Mikkel"]
[Black "Svanholm, Borge Waaktaar"]
[Result "0-1"]
[WhiteElo "1660"]
[BlackElo "1978"]
[PlyCount "116"]
[EventDate "2006.??.??"]

1. c4 e5 2. Nc3 d6 3. g3 f5 4. Bg2 Nf6 5. e3 g6 6. Nge2 Bg7 7. O-O O-O 8. b3
Nc6 9. a3 h6 10. Bb2 g5 11. f4 Ne7 12. d4 e4 13. Qd2 c6 14. Rfd1 Bd7 15. c5 d5
16. Rdb1 Ng6 17. b4 Qe7 18. Bc1 gxf4 19. exf4 h5 20. b5 Rfb8 21. Rb2 a6 22.
bxa6 bxa6 23. Rab1 Qd8 24. Na4 Rb5 25. Nb6 Rb8 26. a4 Rxb2 27. Rxb2 Bc8 28. Bh3
Ng4 29. Rb3 Nf8 30. Qb2 Ne6 31. Bxg4 hxg4 32. Be3 Nxc5 33. a5 Nxb3 34. Qxb3 Bf8
35. Nc3 Qd6 36. Bd2 Qb4 37. Qa2 Qxd4+ 38. Kf1 Bc5 39. Nd1 Bxb6 40. axb6 Rxb6
41. Qa5 Qd3+ 42. Kg1 Qb5 43. Qa1 c5 44. Qe5 d4 45. Qd5+ Be6 46. Qd8+ Kf7 47.
Qh4 Qd7 48. Ba5 Rb8 49. Qh7+ Kf6 50. Qh4+ Kg6 51. Qg5+ Kf7 52. Qh4 Rg8 53. Qh7+
Ke8 54. Qh4 Qe7 55. Qh5+ Kd7 56. Nb2 Qg7 57. Nc4 Rh8 58. Nb6+ Kc6 0-1

[Event "Politiken Cup"]
[Site "Copenhagen"]
[Date "2006.07.25"]
[Round "4.98"]
[White "Zyde, Fadmal"]
[Black "Nielsen, Preben"]
[Result "0-1"]
[WhiteElo "1652"]
[BlackElo "1972"]
[PlyCount "124"]
[EventDate "2006.??.??"]

1. e4 c5 2. Nf3 Nc6 3. Nc3 e6 4. Bb5 Nd4 5. Nxd4 cxd4 6. Ne2 Qb6 7. Bd3 Ne7 8.
O-O d5 9. e5 Nc6 10. f4 Nb4 11. Rf3 Nxd3 12. Rxd3 Bd7 13. Kh1 Bb5 14. Rb3 Qc5
15. Nxd4 Bc4 16. Qg1 Bxb3 17. axb3 a6 18. d3 Qc7 19. c3 Be7 20. Be3 O-O 21. b4
Qd7 22. Qf2 Bd8 23. f5 exf5 24. Nxf5 Bc7 25. d4 f6 26. exf6 Rxf6 27. g4 Raf8
28. Bg5 R6f7 29. Qg2 Qe6 30. Kg1 h6 31. Bd2 Qg6 32. h3 h5 33. Rf1 Kh8 34. Rf3
hxg4 35. hxg4 Kg8 36. Kf1 Qe6 37. Re3 Rxf5+ 38. gxf5 Qxf5+ 39. Ke2 Bf4 40. Rf3
Qe4+ 41. Be3 Qc2+ 42. Kf1 Qb1+ 43. Kf2 Qxb2+ 44. Kf1 Qb1+ 45. Ke2 Qc2+ 46. Kf1
Qd3+ 47. Qe2 Qxe2+ 48. Kxe2 Bxe3 49. Rxe3 Kf7 50. Kd3 Re8 51. Rf3+ Ke6 52. Re3+
Kd7 53. Rg3 Re7 54. Rg6 Ke8 55. Rg5 Rd7 56. Rf5 Ke7 57. Ke3 Rd6 58. Kf4 Rf6 59.
Ke5 Rxf5+ 60. Kxf5 Kd6 61. Kg6 b6 62. Kxg7 a5 0-1

[Event "Politiken Cup"]
[Site "Copenhagen"]
[Date "2006.07.25"]
[Round "4.99"]
[White "Rasmussen, Bent"]
[Black "Sjol, Henrik"]
[Result "0-1"]
[WhiteElo "1646"]
[BlackElo "1966"]
[PlyCount "46"]
[EventDate "2006.??.??"]

1. d4 Nf6 2. c4 e6 3. Nf3 b6 4. g3 Ba6 5. Qa4 Be7 6. Bg2 Bb7 7. O-O O-O 8. Nc3
d5 9. Ne5 Ne4 10. cxd5 exd5 11. f3 Nxc3 12. bxc3 c5 13. Be3 Qe8 14. Qxe8 Rxe8
15. Kf2 Nc6 16. Nxc6 Bxc6 17. Bd2 cxd4 18. cxd4 Ba3 19. Rab1 Rac8 20. Bb4 Bxb4
21. Rxb4 Bb7 22. Rfb1 Rc2 23. R1b2 Rexe2+ 0-1

[Event "Politiken Cup"]
[Site "Copenhagen"]
[Date "2006.07.25"]
[Round "4.100"]
[White "Helin, Mikael"]
[Black "Christensen, Sofus Rønne"]
[Result "1-0"]
[WhiteElo "1964"]
[BlackElo "1652"]
[PlyCount "89"]
[EventDate "2006.??.??"]

1. e4 c5 2. c4 Nc6 3. g3 g6 4. Bg2 Bg7 5. Nc3 d6 6. h3 Qa5 7. Nge2 Nf6 8. O-O
Nd7 9. f4 Nd4 10. Kh2 Qb4 11. Nd5 Qa5 12. f5 Nxe2 13. Qxe2 Nf6 14. Nc3 O-O 15.
g4 a6 16. d3 Qc7 17. g5 Nh5 18. Nd5 Be5+ 19. Kg1 Qd8 20. f6 exf6 21. gxf6 Ng3
22. Qf2 Nxf1 23. Ne7+ Kh8 24. Bh6 Rg8 25. Rxf1 g5 26. Kh1 g4 27. Qh4 gxh3 28.
Bxh3 Bxh3 29. Rg1 Rxg1+ 30. Kxg1 Qxe7 31. fxe7 Rg8+ 32. Kf2 Bd7 33. Bg5 Rg6 34.
b3 Kg7 35. Ke2 h6 36. Bf4 Bf6 37. Qh3 Bxh3 38. e8=Q Rg2+ 39. Kf3 Rxa2 40. Bxd6
Ra3 41. Qf8+ Kg6 42. Qg8+ Bg7 43. Bf8 Rxb3 44. Qxg7+ Kh5 45. Qxh6# 1-0

[Event "Politiken Cup"]
[Site "Copenhagen"]
[Date "2006.07.25"]
[Round "4.101"]
[White "Tjensvoll, Tore"]
[Black "Harders, Poul Erik"]
[Result "1-0"]
[WhiteElo "1961"]
[BlackElo "1585"]
[PlyCount "79"]
[EventDate "2006.??.??"]

1. e4 c5 2. Nf3 d6 3. d4 cxd4 4. Nxd4 Nf6 5. Nc3 e6 6. Be2 Be7 7. O-O O-O 8.
Be3 Nc6 9. Qd2 a6 10. a4 e5 11. Nb3 Be6 12. Rad1 Rc8 13. Bg5 Re8 14. Bxf6 gxf6
15. Nd5 Bxd5 16. exd5 Nb8 17. Bd3 Nd7 18. Qh6 Nf8 19. Bf5 Ng6 20. Rd3 Bf8 21.
Qh5 Bg7 22. Bxc8 Nf4 23. Qg4 Nxd3 24. Bxb7 Qb6 25. Bc6 Rd8 26. Qc4 Nf4 27. h4
Kh8 28. g3 Ng6 29. Qg4 Ne7 30. a5 Qc7 31. Qc4 f5 32. Qxa6 e4 33. c3 Rb8 34. Qc4
Ng6 35. Ra1 Ne5 36. Qa4 Nf3+ 37. Kg2 Qe7 38. Rh1 Rxb3 39. Qxb3 Nd2 40. Qb7 1-0

[Event "Politiken Cup"]
[Site "Copenhagen"]
[Date "2006.07.25"]
[Round "4.102"]
[White "Goetzee, Rick"]
[Black "Nielsen, Thomas"]
[Result "0-1"]
[WhiteElo "1641"]
[BlackElo "1956"]
[PlyCount "72"]
[EventDate "2006.??.??"]

1. d4 d5 2. c4 e6 3. Nc3 c5 4. cxd5 exd5 5. dxc5 d4 6. Na4 Na6 7. Nf3 Nxc5 8.
Nxc5 Bxc5 9. g3 Nf6 10. Bg2 O-O 11. O-O Qb6 12. Ne5 Bf5 13. Nd3 Bd6 14. b3 Rfe8
15. Bb2 Rad8 16. Rc1 Bg4 17. Re1 Bf8 18. Rc2 Qa6 19. Qd2 Rd7 20. Nc5 Bxc5 21.
Rxc5 Qxa2 22. Rb5 Qa6 23. Qb4 Bxe2 24. Ra5 Qd6 25. Qd2 b6 26. Ra4 d3 27. Rd4
Qe7 28. Bf1 Rxd4 29. Bxd4 Ne4 30. Qe3 d2 31. Qxe2 dxe1=Q 32. Qxe1 Qd7 33. Qa1
Qg4 34. Bg2 Nd2 35. h3 Qe6 36. Bxg7 Qe1+ 0-1

[Event "Politiken Cup"]
[Site "Copenhagen"]
[Date "2006.07.25"]
[Round "4.103"]
[White "Andersen, Daniel"]
[Black "Hansen, Johny"]
[Result "0-1"]
[WhiteElo "1908"]
[BlackElo "1494"]
[PlyCount "60"]
[EventDate "2006.??.??"]

1. d4 Nf6 2. c4 e6 3. Nc3 d5 4. Nf3 Be7 5. g3 O-O 6. Bg2 c6 7. O-O dxc4 8. Ne5
Nbd7 9. Nxc4 Nb6 10. Nxb6 Qxb6 11. Na4 Qc7 12. e4 Rd8 13. Bf4 Qa5 14. Be3 e5
15. d5 cxd5 16. exd5 Nxd5 17. Bd2 Bb4 18. Bxb4 Nxb4 19. Qb3 Be6 20. Qa3 Nc2 21.
Qc3 Qxc3 22. Nxc3 Nxa1 23. Rxa1 Rd2 24. Na4 Rb8 25. Re1 b5 26. Nc5 Rxb2 27.
Nxe6 fxe6 28. Bh3 Rb6 29. Rxe5 Kf7 30. a4 a6 0-1

[Event "Politiken Cup"]
[Site "Copenhagen"]
[Date "2006.07.25"]
[Round "4.104"]
[White "Pieri, Enzo"]
[Black "Bøje, Tobias R"]
[Result "0-1"]
[WhiteElo "1940"]
[BlackElo "1469"]
[PlyCount "102"]
[EventDate "2006.??.??"]

1. e4 e5 2. Nf3 Nc6 3. Bb5 Nf6 4. O-O Nxe4 5. Re1 Nd6 6. Bxc6 dxc6 7. Nxe5 Be7
8. Nc3 O-O 9. d3 Re8 10. Bf4 Bf6 11. Qd2 Be6 12. Ne4 Nxe4 13. Rxe4 Bd5 14. Re3
Bg5 15. Nxf7 Bxf7 16. Rxe8+ Qxe8 17. Bxg5 Qe5 18. d4 Qb5 19. b3 Re8 20. c4 Qf5
21. Be3 b6 22. Rc1 Qe4 23. Qc2 Qxc2 24. Rxc2 Bg6 25. Rc3 Kf7 26. Kf1 Be4 27. f3
Bb1 28. a3 Bf5 29. Bf4 Re7 30. Kf2 Ke8 31. b4 Bc8 32. d5 cxd5 33. cxd5 Bb7 34.
d6 cxd6 35. Bxd6 Rd7 36. Bf4 b5 37. h4 a6 38. g4 Kf7 39. Ke2 Ke8 40. Be5 Kf7
41. f4 h6 42. Ke3 Ke6 43. h5 Kf7 44. f5 Kg8 45. Kf4 Rd1 46. Rg3 Rf1+ 47. Ke3
Re1+ 48. Kd4 Re4+ 49. Kc3 Rxe5 50. g5 hxg5 51. Rxg5 Kh7 0-1

[Event "Politiken Cup"]
[Site "Copenhagen"]
[Date "2006.07.25"]
[Round "4.105"]
[White "Ontiveros, John"]
[Black "Martin, Katie"]
[Result "0-1"]
[WhiteElo "1560"]
[BlackElo "1939"]
[PlyCount "66"]
[EventDate "2006.??.??"]

1. d4 Nf6 2. c4 c5 3. Nf3 g6 4. Bg5 Bg7 5. e3 O-O 6. Nc3 h6 7. Bh4 Qb6 8. Qc2
d6 9. Bd3 Nc6 10. a3 cxd4 11. Bxf6 exf6 12. Nd5 Qd8 13. e4 Bg4 14. Nd2 f5 15.
f3 fxe4 16. Bxe4 Bd7 17. f4 f5 18. Bd3 Re8+ 19. Kf2 Ne7 20. Nb4 a5 21. Na2 Rc8
22. Rae1 Nd5 23. Rxe8+ Qxe8 24. Rc1 Ne3 25. Qb3 Ng4+ 26. Kf1 Nxh2+ 27. Kf2 Ng4+
28. Kf1 Ne3+ 29. Kg1 Bc6 30. c5+ Kh7 31. cxd6 Bxg2 32. Nc4 Bd5 33. Qb5 Qxb5 0-1

[Event "Politiken Cup"]
[Site "Copenhagen"]
[Date "2006.07.25"]
[Round "4.106"]
[White "Rasmussen, Henning"]
[Black "Roelvaag, Anders Birk"]
[Result "1/2-1/2"]
[WhiteElo "1927"]
[BlackElo "1274"]
[PlyCount "62"]
[EventDate "2006.??.??"]

1. d4 Nf6 2. Nf3 g6 3. c4 Bg7 4. Nc3 d6 5. e4 O-O 6. Be2 c5 7. O-O cxd4 8. Nxd4
Bd7 9. Be3 Nc6 10. Nxc6 Bxc6 11. f3 Qd7 12. Nd5 e6 13. Nc3 d5 14. cxd5 exd5 15.
e5 Ne8 16. Bc5 Bxe5 17. Bxf8 Kxf8 18. Qd2 d4 19. Ne4 Rd8 20. Bd3 Nc7 21. f4 Bg7
22. f5 Bxe4 23. Bxe4 d3 24. Rae1 Qd4+ 25. Kh1 Qxb2 26. Qxb2 Bxb2 27. fxg6 hxg6
28. Bxg6 f6 29. Rb1 d2 30. Bh5 Bc3 31. Bf3 b6 1/2-1/2

[Event "Politiken Cup"]
[Site "Copenhagen"]
[Date "2006.07.25"]
[Round "4.107"]
[White "Sonderby, Anders"]
[Black "Palvig, David Kinch"]
[Result "1-0"]
[WhiteElo "1926"]
[BlackElo "1238"]
[PlyCount "99"]
[EventDate "2006.??.??"]

1. d4 c6 2. c4 d5 3. Nf3 Bf5 4. cxd5 cxd5 5. Qb3 Qc7 6. Nc3 e6 7. Bf4 Qe7 8.
Bxb8 Rxb8 9. e3 f6 10. Qa4+ b5 11. Bxb5+ Kf7 12. O-O Qb7 13. Nh4 Ne7 14. Rfc1
Bg4 15. Bd3 g5 16. Nf3 Bxf3 17. gxf3 h5 18. b3 Nf5 19. Qa6 Nh4 20. Qxb7+ Rxb7
21. Be2 Ba3 22. Nb5 Rxb5 23. Rc7+ Kg6 24. Bxb5 Nxf3+ 25. Kg2 Nh4+ 26. Kf1 Rh7
27. Rxh7 Kxh7 28. Bd7 e5 29. Be6 exd4 30. exd4 Nf3 31. Rd1 Nxh2+ 32. Kg2 Bd6
33. Rh1 Kg6 34. Rxh2 Bxh2 35. Kxh2 f5 36. f4 g4 37. Kg3 a5 38. a3 Kf6 39. Bxd5
Ke7 40. b4 Kd6 41. Bc4 axb4 42. axb4 Kc6 43. Kh4 Kd6 44. Kxh5 g3 45. Bf1 Kd5
46. b5 Kxd4 47. Kg5 Ke4 48. Bg2+ Ke3 49. b6 Kf2 50. Bd5 1-0

[Event "Politiken Cup"]
[Site "Copenhagen"]
[Date "2006.07.25"]
[Round "4.108"]
[White "Gade, Jens"]
[Black "Almer, Julia"]
[Result "0-1"]
[WhiteElo "1395"]
[BlackElo "1900"]
[PlyCount "36"]
[EventDate "2006.??.??"]

1. f4 d5 2. Nf3 g6 3. e3 Bg7 4. Be2 Nf6 5. c3 O-O 6. O-O c5 7. d4 b6 8. Na3 Ba6
9. Nb5 Ne4 10. Nd2 Nxd2 11. Bxd2 Qd7 12. a4 Nc6 13. Qc2 Rac8 14. dxc5 bxc5 15.
f5 d4 16. fxg6 hxg6 17. c4 Rfd8 18. Bd3 dxe3 0-1

[Event "Politiken Cup"]
[Site "Copenhagen"]
[Date "2006.07.25"]
[Round "4.109"]
[White "De Boer, Albert"]
[Black "Almasy, Alexander Christian"]
[Result "1-0"]
[WhiteElo "2180"]
[BlackElo "1426"]
[PlyCount "57"]
[EventDate "2006.??.??"]

1. e4 e6 2. d4 d5 3. Nc3 Bb4 4. e5 c5 5. a3 Bxc3+ 6. bxc3 Nc6 7. Qg4 Kf8 8. Nf3
Nge7 9. Bd3 c4 10. Be2 b5 11. h4 a5 12. O-O Bd7 13. Bd2 Rb8 14. h5 h6 15. Rfb1
Na7 16. Qf4 Kg8 17. g4 Qf8 18. Nh4 g5 19. hxg6 fxg6 20. Qg3 Kh7 21. Kg2 Ng8 22.
Rh1 Nc6 23. g5 h5 24. Nxg6 Kxg6 25. Rxh5 Qg7 26. Rxh8 Qxh8 27. Rh1 Qg7 28. Bh5+
Kh7 29. Bf7+ 1-0

[Event "Politiken Cup"]
[Site "Copenhagen"]
[Date "2006.07.25"]
[Round "4.110"]
[White "Sending, Stale"]
[Black "Christensen, Simon Ellegaard"]
[Result "1-0"]
[WhiteElo "2035"]
[BlackElo "1480"]
[PlyCount "57"]
[EventDate "2006.??.??"]

1. e4 e6 2. d3 d5 3. Nd2 c5 4. Ngf3 Nc6 5. g3 g6 6. Bg2 Bg7 7. O-O Nge7 8. Re1
O-O 9. Qe2 Re8 10. c3 b6 11. e5 Ba6 12. Nf1 Qc7 13. Bf4 Rad8 14. Qd2 Nf5 15.
Bg5 Rc8 16. g4 Nfe7 17. Bf6 Nb8 18. d4 cxd4 19. cxd4 Nd7 20. Bxg7 Kxg7 21. Rac1
Qb7 22. Qf4 Rxc1 23. Rxc1 Rf8 24. Rc3 f6 25. exf6+ Nxf6 26. Rc7 Qa8 27. Rxe7+
Kg8 28. Ne5 Qb8 29. Qh6 1-0

[Event "Politiken Cup"]
[Site "Copenhagen"]
[Date "2006.07.25"]
[Round "4.111"]
[White "Rasmussen, Morten"]
[Black "Wiggen, Frode"]
[Result "1/2-1/2"]
[WhiteElo "1976"]
[BlackElo "1390"]
[PlyCount "63"]
[EventDate "2006.??.??"]

1. d4 Nf6 2. Bg5 e6 3. e3 c6 4. Nd2 Be7 5. Bd3 d6 6. c3 Nbd7 7. f4 e5 8. Ngf3
h6 9. Bxf6 Bxf6 10. Ne4 Qe7 11. O-O Nb6 12. Nxd6+ Qxd6 13. fxe5 Qe6 14. exf6
Qxe3+ 15. Kh1 Be6 16. fxg7 Rg8 17. Qc2 Qf4 18. Rae1 O-O-O 19. Ne5 Qh4 20. Nxf7
Bxf7 21. g3 Bd5+ 22. Be4 Bxe4+ 23. Rxe4 Qg5 24. Re5 Qxg7 25. Qf5+ Qd7 26. Qh5
Rh8 27. Rf7 Qd6 28. Qf5+ Rd7 29. Rf6 Qc7 30. Rf8+ Rxf8 31. Qxf8+ Rd8 32. Qxh6
1/2-1/2

[Event "Politiken Cup"]
[Site "Copenhagen"]
[Date "2006.07.25"]
[Round "4.112"]
[White "Bue, Gunnar"]
[Black "Thingstad, Anders"]
[Result "1/2-1/2"]
[WhiteElo "1843"]
[BlackElo "1301"]
[PlyCount "99"]
[EventDate "2006.??.??"]

1. d4 Nf6 2. c4 g6 3. Nc3 d5 4. Nf3 Bg7 5. cxd5 Nxd5 6. Bd2 O-O 7. Rc1 Bf5 8.
e3 c6 9. Be2 Nd7 10. O-O N7f6 11. Ne5 Nxc3 12. Bxc3 Nd5 13. Qb3 Bxe5 14. dxe5
Nxc3 15. Rxc3 Qc7 16. f4 Be6 17. Qc2 Rad8 18. b4 Qb6 19. a3 Bf5 20. Qb2 Rd7 21.
Rd1 Rxd1+ 22. Bxd1 Rd8 23. Be2 Rd5 24. Qc1 a6 25. h3 Qd8 26. Kh2 Be4 27. Rc4
Bd3 28. Bxd3 Rxd3 29. Rc3 Qd5 30. Rxd3 Qxd3 31. Kg3 Kg7 32. Kf2 Qd5 33. Qc3 b6
34. Kg3 e6 35. Qd4 Qxd4 36. exd4 f6 37. Kf3 fxe5 38. fxe5 g5 39. a4 Kg6 40. g4
a5 41. bxa5 bxa5 42. Ke3 Kf7 43. Kd3 Ke7 44. Kc3 Kd8 45. Kc4 Kc8 46. Kc3 Kb7
47. Kd3 Kb6 48. Kc3 c5 49. Kc4 cxd4 50. Kxd4 1/2-1/2

[Event "Politiken Cup"]
[Site "Copenhagen"]
[Date "2006.07.25"]
[Round "4.113"]
[White "Tudvad, Mads"]
[Black "Sørensen, Jens"]
[Result "1/2-1/2"]
[WhiteElo "1493"]
[BlackElo "1681"]
[PlyCount "53"]
[EventDate "2006.??.??"]

1. d4 d5 2. Bf4 Nf6 3. e3 e6 4. Nf3 Be7 5. Nbd2 Nh5 6. Bg3 Nd7 7. Bd3 c5 8. c3
c4 9. Bc2 O-O 10. Ne5 g6 11. Ndf3 Nxg3 12. hxg3 Nxe5 13. Nxe5 Bd6 14. Qg4 Bxe5
15. Qh3 h5 16. dxe5 f5 17. f4 Kg7 18. Kd2 b5 19. a3 a5 20. Qh4 Bd7 21. Rhb1
Qxh4 22. gxh4 Rfb8 23. g3 Rb6 24. Ra2 Rab8 25. Rba1 Kf7 26. Kc1 Ke7 27. Kd2
1/2-1/2

[Event "Politiken Cup"]
[Site "Copenhagen"]
[Date "2006.07.25"]
[Round "4.114"]
[White "Jørgensen, Morten"]
[Black "Ulvnes, Roar"]
[Result "0-1"]
[WhiteElo "1473"]
[BlackElo "1659"]
[PlyCount "68"]
[EventDate "2006.??.??"]

1. d4 d5 2. c4 c6 3. cxd5 cxd5 4. Nc3 Nf6 5. Nf3 Nc6 6. Bg5 Ne4 7. Bf4 e6 8.
Qa4 Bb4 9. Rc1 Bd7 10. e3 a6 11. Bd3 Ne5 12. Qd1 Nxd3+ 13. Qxd3 Qa5 14. Nd2 Bb5
15. Qc2 Rc8 16. Ndxe4 dxe4 17. f3 exf3 18. gxf3 Qxa2 19. Kf2 Qc4 20. Qe4 Bxc3
21. Rxc3 Qe2+ 22. Kg3 Rxc3 23. bxc3 Bc6 24. Qe5 Qxf3+ 25. Kh4 O-O 26. Rg1 Qf2+
27. Rg3 Qxh2+ 28. Rh3 Qf2+ 29. Rg3 f6 30. Qxe6+ Kh8 31. Bd6 Re8 32. Qf7 Qh2+
33. Kg4 Qh6 34. Rh3 Qg5# 0-1

[Event "Politiken Cup"]
[Site "Copenhagen"]
[Date "2006.07.25"]
[Round "4.115"]
[White "Ovesen, Karsten"]
[Black "Nielsen, Martin Skovsø"]
[Result "0-1"]
[WhiteElo "1407"]
[BlackElo "1650"]
[PlyCount "82"]
[EventDate "2006.??.??"]

1. d4 d5 2. Nf3 Nf6 3. Bg5 e6 4. e3 Be7 5. Bd3 Nbd7 6. Nbd2 c5 7. c3 Qc7 8. Qe2
c4 9. Bc2 b5 10. a3 a5 11. Bh4 Ba6 12. Bg3 Qb7 13. e4 Nh5 14. exd5 Nxg3 15.
hxg3 exd5 16. Nh4 O-O-O 17. Nf5 Bf8 18. O-O-O g6 19. Ne3 b4 20. axb4 axb4 21.
Nf3 bxc3 22. bxc3 Nf6 23. Kd2 Qb2 24. Ng5 Bb4 25. Ke1 Bxc3+ 26. Kf1 Bxd4 27.
Nxf7 Rhe8 28. Nxd8 Kxd8 29. Rb1 Qa3 30. Rb8+ Bc8 31. Qf3 Qc1+ 32. Qd1 Bxe3 33.
fxe3 Qxe3 34. Qb1 Qe2+ 35. Kg1 Qe1+ 36. Kh2 Ng4+ 37. Kh3 Nf2+ 38. Kh2 Qxh1+ 39.
Qxh1 Nxh1 40. Kxh1 Re1+ 41. Kh2 Kc7 0-1

[Event "Politiken Cup"]
[Site "Copenhagen"]
[Date "2006.07.25"]
[Round "4.116"]
[White "Harestad.Ove Henning"]
[Black "Stangeland, Maren"]
[Result "1/2-1/2"]
[WhiteElo "1590"]
[BlackElo "1146"]
[PlyCount "35"]
[EventDate "2006.??.??"]

1. d4 f5 2. c4 Nf6 3. Nc3 g6 4. Nf3 Bg7 5. Bg5 O-O 6. Bxf6 Bxf6 7. h4 h6 8. e3
d6 9. Qc2 a5 10. g4 Bg7 11. Nd2 Qe8 12. gxf5 Bxf5 13. Bd3 Nc6 14. Bxf5 Rxf5 15.
a3 Qf7 16. f4 e5 17. fxe5 dxe5 18. d5 1/2-1/2

[Event "Politiken Cup"]
[Site "Copenhagen"]
[Date "2006.07.25"]
[Round "4.117"]
[White "Marcussen, Johnni A"]
[Black "Steinskog, Asbjørn Ottesen"]
[Result "1/2-1/2"]
[WhiteElo "1563"]
[BlackElo "1018"]
[PlyCount "94"]
[EventDate "2006.??.??"]

1. e4 e5 2. Nf3 Nc6 3. Bc4 Nf6 4. Ng5 d5 5. exd5 Na5 6. Bb5+ c6 7. dxc6 bxc6 8.
Be2 a6 9. Nf3 e4 10. Ne5 Bd6 11. d4 exd3 12. Nxd3 O-O 13. O-O Qc7 14. h3 Rd8
15. Bd2 Nc4 16. Bc3 Ne5 17. Nxe5 Bxe5 18. Bxe5 Qe7 19. Bxf6 Qxf6 20. Qc1 Rd4
21. c3 Rh4 22. Qe3 Bd7 23. Bd3 Re8 24. Qg3 Rh5 25. f4 Qd6 26. Na3 Qc5+ 27. Qf2
Re3 28. Rae1 Rxd3 29. Qxc5 Rxc5 30. Rd1 Rcd5 31. Rxd3 Rxd3 32. Nc4 Be6 33. Ne5
Rd2 34. Rf2 Rxf2 35. Kxf2 Bd5 36. c4 Be4 37. g3 f6 38. Nd7 Bb1 39. a3 Ba2 40.
c5 Bd5 41. Ke3 Kf7 42. Kd4 Ke7 43. Nb8 a5 44. b4 axb4 45. axb4 Bg2 46. h4 Kd8
47. b5 cxb5 1/2-1/2

[Event "Politiken Cup"]
[Site "Copenhagen"]
[Date "2006.07.25"]
[Round "4.118"]
[White "Hinman, Chris"]
[Black "Petersen, Nicolai Kvist Brond"]
[Result "1-0"]
[WhiteElo "1343"]
[BlackElo "1562"]
[PlyCount "95"]
[EventDate "2006.??.??"]

1. c4 c6 2. Nc3 d5 3. cxd5 cxd5 4. d4 Nf6 5. Bf4 a6 6. Qc2 Nc6 7. e3 e6 8. a3
Bd6 9. Bxd6 Qxd6 10. Bd3 O-O 11. f4 b5 12. Nf3 Na5 13. O-O Nc4 14. Rae1 Bd7 15.
Ng5 g6 16. Rf3 Kg7 17. e4 dxe4 18. Ncxe4 Qxd4+ 19. Kh1 Nxe4 20. Bxe4 Ra7 21.
Rd3 Qc5 22. Bf3 Bc6 23. Bxc6 Qxc6 24. Ne4 Rd7 25. Qc3+ f6 26. Rxd7+ Qxd7 27.
Nc5 Qd6 28. Nxe6+ Kf7 29. Nxf8 Kxf8 30. Qb4 Qxb4 31. axb4 Nxb2 32. Ra1 Nd3 33.
Rxa6 Kf7 34. Rb6 Nxb4 35. Rxb5 Nc6 36. Rb7+ Ne7 37. g3 h5 38. Kg2 Ke6 39. Kf2
g5 40. Rb6+ Kf5 41. Rb5+ Kg4 42. Kg2 h4 43. h3+ Kh5 44. g4+ Kh6 45. f5 Nc8 46.
Rb7 Nd6 47. Rd7 Nb5 48. Rf7 1-0

[Event "Politiken Cup"]
[Site "Copenhagen"]
[Date "2006.07.25"]
[Round "4.119"]
[White "Eiholt, Bjarne"]
[Black "Muratet Esteban, Elias"]
[Result "1/2-1/2"]
[WhiteElo "1650"]
[BlackElo "1790"]
[PlyCount "58"]
[EventDate "2006.??.??"]

1. d4 Nf6 2. c4 d6 3. Nc3 g6 4. h3 Bg7 5. Bf4 O-O 6. Nf3 Nc6 7. e3 Re8 8. Be2
Bf5 9. O-O e5 10. Bh2 exd4 11. exd4 Ne4 12. Nd5 Nf6 13. Ne3 Bd7 14. Rc1 Ne7 15.
Bd3 Rc8 16. b4 b6 17. Re1 Bc6 18. b5 Be4 19. Ng5 Bxd3 20. Qxd3 Qd7 21. Nf3 Bh6
22. Rcd1 Rcd8 23. a4 Nh5 24. Ng4 Bg7 25. Qd2 Nf5 26. Rxe8+ Rxe8 27. Qc1 Nf6 28.
Nxf6+ Bxf6 29. c5 Qc8 1/2-1/2

[Event "Politiken Cup"]
[Site "Copenhagen"]
[Date "2006.07.25"]
[Round "4.120"]
[White "Larsen, Alex"]
[Black "Hausken, Morten"]
[Result "1/2-1/2"]
[WhiteElo "1171"]
[BlackElo "1400"]
[PlyCount "82"]
[EventDate "2006.??.??"]

1. e4 Nf6 2. e5 Ne4 3. d3 Nc5 4. d4 Ne6 5. Be3 d6 6. Nf3 c5 7. d5 Nc7 8. Bc4 e6
9. O-O dxe5 10. dxe6 Nxe6 11. Qxd8+ Nxd8 12. Nxe5 f6 13. Nd3 Be6 14. Bxe6 Nxe6
15. Re1 c4 16. Nf4 Kf7 17. Nxe6 Kxe6 18. Bd4+ Kf7 19. c3 Nc6 20. Be3 b5 21. Nd2
Ne5 22. b3 Nd3 23. Re2 a5 24. bxc4 b4 25. cxb4 axb4 26. Nb3 Bd6 27. Bd4 Rhc8
28. Rd2 Nc5 29. Nxc5 Bxc5 30. Bxc5 Rxc5 31. Rc1 Ra3 32. Rb2 Ke6 33. Rxb4 Rxa2
34. g3 Rf5 35. Re1+ Kf7 36. Rb7+ Kg6 37. Rf1 Rc2 38. Rc7 Rf3 39. Kg2 Rfc3 40.
Re1 Rxc4 41. Rxc4 Rxc4 1/2-1/2

[Event "Politiken Cup"]
[Site "Copenhagen"]
[Date "2006.07.25"]
[Round "4.121"]
[White "Christensen, Christoffer Ellegaa"]
[Black "Zyde, Furat"]
[Result "1-0"]
[WhiteElo "1383"]
[BlackElo "1200"]
[PlyCount "41"]
[EventDate "2006.??.??"]

1. d4 d5 2. Nf3 Nf6 3. Bf4 Bf5 4. e3 a6 5. c3 e6 6. Bd3 Bxd3 7. Qxd3 c5 8. Nbd2
c4 9. Qe2 h6 10. Ne5 Bd6 11. Qf3 Qc7 12. Qh3 Nh7 13. Qh5 g5 14. Qxf7+ Qxf7 15.
Nxf7 Bxf4 16. Nxh8 Bd6 17. Ng6 Nc6 18. Nf3 O-O-O 19. Nge5 Ne7 20. Nf7 Rd7 21.
Nxh6 1-0

[Event "Politiken Cup"]
[Site "Copenhagen"]
[Date "2006.07.25"]
[Round "4.122"]
[White "Rasmussen, Rene Rosendahl"]
[Black "Gjedsted, Søren Havn"]
[Result "1-0"]
[WhiteElo "1144"]
[BlackElo "1360"]
[PlyCount "55"]
[EventDate "2006.??.??"]

1. e4 Nf6 2. Nc3 d5 3. exd5 Nxd5 4. Nxd5 Qxd5 5. d4 Nc6 6. Nf3 Bg4 7. c3 Bxf3
8. Qxf3 Qxf3 9. gxf3 Nd8 10. Bf4 c6 11. Bh3 e6 12. Rg1 f5 13. Be5 Nf7 14. f4
Rg8 15. O-O-O Nh8 16. Rg3 Ng6 17. c4 Be7 18. Rgd3 Nf8 19. d5 exd5 20. cxd5 g6
21. d6 Bd8 22. d7+ Kf7 23. b4 Ne6 24. R3d2 Bf6 25. Bf1 Bxe5 26. fxe5 Rad8 27.
Bc4 Ke7 28. Rd6 1-0